Ty's General Knowledge Quiz #2 - Statistics

General Stats
  • This quiz has been taken 18 times
  • The average score is 9 of 15
Answer Stats
Hint Answer % Correct
Country that Hitler was born in Austria
93%
"Seize the day" in latin Carpe Diem
87%
What Russian Astronauts are called Cosmonaut
87%
Year that world war one ended 1918
80%
Highest grossing movie of all time Avatar
73%
Zip code of Beverley Hills 90210
67%
Skateboarder known as "Birdman" Tony Hawk
60%
State that Bernie Sanders represents in Congress Vermont
60%
Ferrari's first name Enzo
53%
Writer of the US National Anthem Francis Scott Key
53%
17th president Andrew Johnson
47%
Most expensive property in Monopoly Boardwalk
47%
Above answers skate brand/company Birdhouse
20%
Chris Paul's middle name Emmanuel
20%
Second tallest mountain in the USA St. Elias
13%
No matching quizzes found
Score Distribution
Percent of People with Each Score
Percentile by Number Answered
Your Score History
You have not taken this quiz